Представление документа в формате MARC21

Поле Инд. ПП Название Значение
Тип записи m
Библиографический уровень m
001 Контрольный номер 7666fbc0c0d94d95a1acb412ca15d04b
005 Дата корректировки 20220916100919.0
008 Кодируемые данные 220916|||||||||ru |||||||||||||||||rus||
040 a Служба первич. каталог. DE
b Код языка каталог. rus
e Правила каталог. PSBO
084 a Индекс другой классификации/Индекс ББК 65.291.21я7+65.291.3я7
203 a Вид содержания Текст
c Тип средства электронный
245 10 a Заглавие Основы информационного менеджмента и маркетинга
c Ответственность Министерство науки и высшего образования Российской Федерации, Федеральное государственное автономное образовательное учреждение высшего образования "Мурманский государственный технический университет", Кафедра цифровых технологий, математики и экономики ; составитель О. Б. Кузнецова
h Физич. носитель Электронный ресурс
b Продолж. заглавия методические указания к практическим занятиям для обучающихся по направлению 09.03.02 "Информационные системы и технологии" (уровень бакалавриата) профиль "Геоинформационные системы"
260 a Место издания Мурманск
b Издательство МГТУ
c Дата издания 2021
500 a Примечание Электрон. текстовые дан. (1 файл : 558 Кб)
500 a Примечание URL: https://elib.mauniver.ru/2022/M_22_74.pdf
500 a Примечание Доступ из локальной сети Мурманского государственного технического университета. - Загл. с титул. экрана
583 x Служебное примечание Полнотекстовые документы
x Служебное примечание Труды преподавателей МГТУ
x Служебное примечание Без печатного варианта
x Служебное примечание Информационные системы и технологии. ВПО
z Открытое примечание 09.03.02
653 0_ a Ключевые слова Методические указания
a Ключевые слова Информационные системы
a Ключевые слова Маркетинг
a Ключевые слова Менеджмент информационный
a Ключевые слова Труды преподавателей МГТУ
a Ключевые слова Электронные версии
700 12 a Другие авторы Кузнецова О. Б.
e Роль лиц Составитель
856 40 u URL https://elib.mauniver.ru/2022/M_22_74.pdf
901 t Тип документа m
952 c Вид литературы учебно-методическое издание